Music Quiz

Random Music or Song Quiz
Score 0/15 Timer 01:00
0 Plays Today
Song Missing Word % Correct
______ FacePoker
96.7%
Just _____Dance
93.8%
Bad _______Romance
93.1%
Boys Boys ______Boys
91.5%
_____ This WayBorn
89.7%
_____ GameLove
88.7%
Beautiful, ______, RichDirty
84.9%
So Happy I Could ____Die
83.3%
Song Missing Word % Correct
Dance In The _____Dark
81%
Eh Eh (Nothing _____ I Can Say)Else
80.5%
Money ______Honey
72.6%
_______ EyesBrown
71%
The _____Fame
70.5%
I Like It _____Rough
70.3%
Again ______Again
50.5%
Remove Ads.
Support Sporcle.
Get the best of Sporcle when you Go Orange. This ad-free experience offers more features, more stats, and more fun while also helping to support Sporcle. Thank you for becoming a member.

You're not logged in!

Compare scores with friends on all Sporcle quizzes.
OR
Log In

Sporcle TV

Today on Sporcle TV


Watch our educational content, quiz creation guides, and fun videos on Sporcle TV.

Show Comments

Extras

Top Quizzes Today


Score Distribution

Paid Content

Your Account Isn't Verified!

In order to create a playlist on Sporcle, you need to verify the email address you used during registration. Go to your Sporcle Settings to finish the process.

Report this User

Report this user for behavior that violates our Community Guidelines.

Details: